TEXTBOOK OF FORENSIC MEDICINE AND TOXICOLOGY (Record no. 216883)

MARC details
000 -LEADER
fixed length control field 00453nam a22001577a 4500
008 - FIXED-LENGTH DATA ELEMENTS--GENERAL INFORMATION
fixed length control field 260327b |||||||| |||| 00| 0 eng d
020 ## - INTERNATIONAL STANDARD BOOK NUMBER
International Standard Book Number 978-81-8448-706-0
050 ## - LIBRARY OF CONGRESS CALL NUMBER
Classification number RA 1060.R36 2010
100 ## - MAIN ENTRY--PERSONAL NAME
Personal name NAGESHKUMAR RAO G.
245 ## - TITLE STATEMENT
Title TEXTBOOK OF FORENSIC MEDICINE AND TOXICOLOGY
260 ## - PUBLICATION, DISTRIBUTION, ETC.
Place of publication, distribution, etc. NEW DELHI
Name of publisher, distributor, etc. JAYPEE BROTHERS PUBLISHERS
Date of publication, distribution, etc. 2010
300 ## - PHYSICAL DESCRIPTION
Extent X,610
650 ## - SUBJECT ADDED ENTRY
Topical term or geographic name entry element Forensic medicine-textbooks
942 ## - ADDED ENTRY ELEMENTS (KOHA)
Source of classification or shelving scheme Library of Congress Classification
Koha item type Long Loan Book
Holdings
Withdrawn status Lost status Source of classification or shelving scheme Damaged status Not for loan Collection Home library Current library Shelving location Date acquired Inventory number Total checkouts Full call number Date last seen Copy number Price effective from Koha item type
    Library of Congress Classification     Medicine Kisii University Library Kisii University Library On Display 03/27/2026 112617   RA 1060.R36 2010 03/27/2026 C.4 03/27/2026 Long Loan Book
    Library of Congress Classification     Medicine Kisii University Library Kisii University Library On Display 03/27/2026 112616   RA 1060.R36 2010 03/27/2026 C.3 03/27/2026 Long Loan Book
    Library of Congress Classification     Medicine Kisii University Library Kisii University Library On Display 03/27/2026 112615   RA 1060.R36 2010 03/27/2026 C.2 03/27/2026 Long Loan Book
    Library of Congress Classification     Medicine Kisii University Library Kisii University Library On Display 03/27/2026 112615   RA 1060.R36 2010 03/27/2026 C.2 03/27/2026 Long Loan Book
    Library of Congress Classification     Medicine Kisii University Library Kisii University Library On Display 03/27/2026 112614   RA 1060.R36 2010 03/27/2026 C.1 03/27/2026 Long Loan Book